Demian /

Guardado en:
Autor Principal: Hesse, Hermann.
Formato: Libro
Idioma:Undetermined
Publicado: Salvador de Jujuy : Arenal, 2006.
Edición:1era. ed.
Materias:
Etiquetas: Agregar Etiqueta
Sin Etiquetas, Sea el primero en etiquetar este registro!
LEADER 00527nam a22001935a 4500
001 CEM.cems021237
008 240619s2006####xx############000#0#und#d
005 20240619080201.0
245 1 0 |a Demian /  |c Hesse, Hermann. 
250 |a 1era. ed. 
260 |a Salvador de Jujuy :  |b Arenal,  |c 2006. 
300 |a 125 p. ;  |c 20 cm. 
020 |a 987207481 
100 1 |a Hesse, Hermann. 
082 0 4 |a 833.9 
653 |a Literatura 
653 |a Novela alemana 
653 |a Novelas 
859 |a CEMS  |b BIB. CEMS - Agricultura  |h 833.9  |i H463-1  |p A3694.24  |t Ej.1